| 000 | 00744nam a2200241 a 4500 | ||
|---|---|---|---|
| 008 | |||
| 020 | _a9780323222310 (pbk.) | ||
| 049 | _aMAIN | ||
| 090 |
_aREF RD99.32 _bIGN |
||
| 100 | 1 | _aIgnatavicias, Donna D. | |
| 245 | 1 | 0 |
_aMedical-Surgical Nursing : _bpatient-centered collaborative care/ _cDonna D. Ignatavicius |
| 260 |
_aSt. Louis, Missori _bElsevier Saunders, _c2016 |
||
| 300 | _a8th ed. | ||
| 300 |
_axvi. 571 p. : _bill. : _c28 cm. |
||
| 500 | _aIncludes index. | ||
| 650 | 1 |
_aNursing _vHandbooks, manuals etc. |
|
| 700 | _aWorkman, Linda M. | ||
| 907 |
_a.b1039543x _b10-12-18 _c06-12-18 |
||
| 003 | |||
| 005 | 20230120204241.0 | ||
| 040 | _cNUST | ||
| 942 |
_cBOOKS _kREF RD99.32 _mIGN |
||
| 999 |
_c119838 _d119838 |
||